000 00716nam a2200241Ia 4500
003 OSt
005 20220925223011.0
006 a|||||r|||| 00| 0
007 ta
008 220923b |||||||| |||| 00| 0 eng d
020 _a0415004942
037 _cGeneral Book
040 _aRTL
_cRTL
_beng
041 _2eng
_aeng
082 _aX:3M24xM18.59B.N8, M8
100 _aTismaneanu Vladimir
_916686
245 0 _aCrisis of marxist ideology in Eastern Europe
_b The
260 _aLondon
_bRoutledge
_c1988
300 _a232p
_ccm.
650 _aEconomics Classes Karl Marx
_9230895
942 _hX:3M24xM18.59B.N8, M8
_cGB
_2CC
999 _c578336
_d578336